Central Library OPAC University of Rajshahi

Muhammad the prophet / (Record no. 32769)

MARC details
000 -LEADER
fixed length control field 00651nam a22002291 4500
001 - CONTROL NUMBER
control field 32769
003 - CONTROL NUMBER IDENTIFIER
rucl marc code BD-RjUL
005 - DATE AND TIME OF LATEST TRANSACTION
control field 20211209051906.0
008 - FIXED-LENGTH DATA ELEMENTS--GENERAL INFORMATION
fixed length control field 181029s1951 pk 1 0 eng d
035 ## - SYSTEM CONTROL NUMBER
System control number (BD-RjUL)32859
040 ## - CATALOGING SOURCE
Original cataloging agency BD-RjUL
Language of cataloging eng
Transcribing agency BD-RjUL
Modifying agency BD-RjUL
041 ## - LANGUAGE CODE
Language code of text/sound track or separate title eng
082 ## - DEWEY DECIMAL CLASSIFICATION NUMBER
Classification number 297.63
Author mark and year ALM 1951
100 1# - MAIN ENTRY--PERSONAL NAME
Personal name Ali, Muhammad,
Dates associated with a name 1875-1951.
9 (RLIN) 82539
245 10 - TITLE STATEMENT
Title Muhammad the prophet /
Statement of responsibility, etc. by Maulana Muhhamad Ali
250 ## - EDITION STATEMENT
Edition statement 3rd ed.
260 0# - PUBLICATION, DISTRIBUTION, ETC. (IMPRINT)
Place of publication, distribution, etc. Lahore :
Name of publisher, distributor, etc. Ahmadiyya Anjuman Ishaat Islam,
Date of publication, distribution, etc. 1951.
300 ## - PHYSICAL DESCRIPTION
Pagination x, 286 p. ;
Size 19cm.
504 ## - BIBLIOGRAPHY, ETC. NOTE
Bibliography, etc Includes index.
600 00 - SUBJECT ADDED ENTRY--PERSONAL NAME
Personal name Muhammad,
Titles and other words associated with a name Prophet,
Dates associated with a name -632.
942 ## - ADDED ENTRY ELEMENTS (KOHA)
Source of classification or shelving scheme Dewey Decimal Classification
Koha item type Books
Holdings
Lost status Source of classification or shelving scheme Damaged status Not for loan Collection code Permanent Location Current Location Shelving location Date acquired Source of acquisition Cost, normal purchase price Total Checkouts Full call number Date last seen Copy number Koha item type
  Dewey Decimal Classification   Not For Loan Rare Books Central Library, University of Rajshahi Central Library, University of Rajshahi Rare Book Section 03/06/1968 Rajshahi Prantik 0.00   RA 297.63 ALM 1951 28/04/2014 C-1 Rare Books
  Dewey Decimal Classification     Non-fiction Central Library, University of Rajshahi Central Library, University of Rajshahi   28/07/1991 Sham sun Nahar     297.63 ALM 1951 11/12/2016 C-2 Books
  Dewey Decimal Classification     Non-fiction Central Library, University of Rajshahi Central Library, University of Rajshahi   29/10/2018       297.63 ALM 1951 29/10/2018 C-3 Books